Fire On Fire - Sam Smith (All lyrics) - Statistics

General Stats
  • This quiz has been taken 185 times
  • The average score is 314 of 377
Answer Stats
Lyrics % Correct
I
99%
the
98%
to
98%
a
97%
on
97%
and
96%
And
96%
Fire
96%
fire
96%
we
96%
We
96%
My
95%
my
95%
you
95%
You
95%
in
94%
when
94%
When
94%
this
92%
But
91%
but
91%
don't
91%
say
91%
desire
90%
we're
90%
I'm
89%
Then
89%
then
89%
much
88%
it's
87%
It's
87%
mother
87%
out
87%
that
87%
together
87%
of
86%
too
86%
me
85%
control
83%
said
83%
She
83%
go
82%
romantic
82%
They
82%
are
81%
love
81%
normally
81%
some
81%
kill
80%
ruin
80%
let
79%
our
79%
sinners
79%
them
79%
us
79%
her
78%
cause
77%
Cause
77%
eye
77%
movies
77%
only
77%
word
77%
dancing
76%
look
76%
tell
76%
winners
76%
beautiful
75%
from
75%
knew
75%
know
75%
saw
75%
with
75%
believe
74%
direction
74%
like
74%
take
74%
You're
73%
all
72%
perfection
72%
There
72%
started
70%
still
70%
things
70%
would
70%
almost
69%
breath
69%
saving
68%
shoulder
66%
bit
65%
by
65%
little
65%
Maybe
64%
older
64%
steal
64%
unfold
64%
been
63%
I've
63%
through
63%
got
62%
how
62%
think
61%
fight
60%
I'd
59%
see
59%
lean
57%
myself
57%
cold
56%
city
53%
rhythms
53%
lions
52%
roses
51%
minds
48%
oh
47%
truth
47%
lose
44%
any
42%
won't
41%
feel
39%
rules
39%
abide
34%
No matching quizzes found
Score Distribution
Percent of People with Each Score
Percentile by Number Answered
Your Score History
You have not taken this quiz